Ciencias Sociales: Geografía e historia
Saved in:
| Main Authors: | , , , , , |
|---|---|
| Format: | Bog |
| Sprog: | spansk |
| Udgivet: |
Barcelona
Vicens Vives
1996
|
| Udgivelse: | 1a. ed |
| Serier: | Tiempo 3. Educación Secundaria. Primer ciclo. Segundo curso. Opción B
|
| Fag: | |
| Tags: |
Tilføj Tag
Ingen Tags, Vær først til at tagge denne postø!
|
MARC
| LEADER | 00000nam a2200000 a 4500 | ||
|---|---|---|---|
| 001 | UCK7374 | ||
| 003 | CL-VaPUC | ||
| 008 | 051118e19960000SP |||||||||||||||||spa|d | ||
| 020 | |a 843163703X | ||
| 082 | 0 | 4 | |a 909.0712 |b GAR |2 21 |
| 100 | |a García Sebastián, M |e author |9 561080 | ||
| 700 | 0 | |a Gatell Arimont, C |e author |9 496924 | |
| 700 | 0 | |a Lorens Serrano, R |e author |9 496925 | |
| 700 | 0 | |a Pons Granja, J |e author |9 496926 | |
| 700 | 0 | |a Roig Obiol, J |e author |9 496927 | |
| 700 | 0 | |a Viver Pi-Sunyer,C |e author |9 496928 | |
| 245 | 1 | 0 | |a Ciencias Sociales: Geografía e historia |
| 250 | |a 1a. ed | ||
| 300 | |a 269 p | ||
| 942 | |c BK | ||
| 945 | |d 20051118 00:00:00 |a jtorresc | ||
| 260 | |a Barcelona |b Vicens Vives |c 1996 | ||
| 650 | 0 | |a Ciencias sociales |9 256351 | |
| 650 | 0 | |a Historia universal |9 266877 | |
| 650 | 0 | |a Enseñanza de la geografía |9 310005 | |
| 583 | |a last modification |c 20051118 00:00:00 |k Rodrigo Vera | ||
| 490 | 0 | |a Tiempo 3. Educación Secundaria. Primer ciclo. Segundo curso. Opción B | |
| 999 | |c 315359 |d 315357 | ||
| 952 | |0 0 |1 0 |4 0 |6 909_071200000000000_GAR_1996 |7 0 |8 A |9 388488 |a BIBHIS |b BIBHIS |d 2019-11-22 |i 4182014 |o 909.0712 GAR 1996 |p 4182014 |r 2025-01-20 |w 2019-11-22 |y BK |k HIS | ||